| 000 | 00660nam a2200241 a 4500 | ||
|---|---|---|---|
| 001 | 15114 | ||
| 003 | BD-RjUL | ||
| 005 | 20211208235743.0 | ||
| 008 | 170118m19791978enka 001 0 eng d | ||
| 020 | _a0712101683 : | ||
| 035 | _a(BD-RjUL)15168 | ||
| 040 |
_aDLC _cDLC _dBD-RjUL _beng |
||
| 041 | _aeng | ||
| 082 | 0 | 0 |
_a657.42 _bBAA 1979 _223 |
| 100 | 1 |
_aBatty, J. _946821 |
|
| 245 | 1 | 0 |
_aAdvanced cost accountancy / _cby J. Batty |
| 250 | _a2nd ed. | ||
| 260 |
_aLondon : _bMacdonald and Evans, _c1978 [reprinting 1979]. |
||
| 300 |
_axiii, 496 p. : _bill. ; _c22 cm. |
||
| 500 | _aIncludes index. | ||
| 650 | 0 |
_aCost accounting. _947041 |
|
| 942 |
_2ddc _cBK |
||
| 999 |
_c15114 _d15114 |
||